| 000 | 00662 a2200169 4500 | ||
|---|---|---|---|
| 020 | _a0071360638 | ||
| 020 | _a9780071360630 | ||
| 082 | 0 | 4 | _a500 |
| 090 |
_c372 _d372 |
||
| 100 | _aHorvitz, Leslie Alan | ||
| 245 | 1 | 4 |
_aThe quotable scientist words of wisdom from charles darwin, albert einstein, richard feynman, galileo, marie curie, rene descartes, and more / _cLeslie Alan Horvitz. |
| 260 |
_a[S.l.] : _bMcGraw-Hill Trade, _c2000. |
||
| 300 |
_a169 p. ; _c22 cm. |
||
| 700 | 1 | _aHorvitz, Leslie Alan. | |
| 942 |
_aSNS _cBK _k500 HOR |
||
| 999 |
_c29005 _d29005 |
||